000 00614nam a2200181Ia 4500
008 240729s9999 xx 000 0 und d
022 _a2353-5423
245 0 _aMining Science
260 _aPoland
260 _bFaculty of Geoengineering, Mining and Geology
650 _a Engineering (General). Civil engineering (General)
650 _a Engineering geology. Rock mechanics. Soil mechanics. Underground construction
650 _a Mining engineering. Metallurgy | Technology
650 _aTechnology
856 _uhttps://doaj.org/toc/6ddbfcc91c494e1fa4c221e17d08bfcc
942 _2ddc
942 _cDOAJEJ
999 _c68219
_d68219
945 _a1
_bMadushi Gamage
_c1
_dMadushi Gamage